Normal view MARC view
  • Masefield, John,

Entry Personal Name

Number of records used in: 1

001 - CONTROL NUMBER

  • control field: 153693

003 - CONTROL NUMBER IDENTIFIER

  • control field: DLC

005 - DATE AND TIME OF LATEST TRANSACTION

  • control field: 20260415163938.0

008 - FIXED-LENGTH DATA ELEMENTS

  • fixed length control field: 800530n| azannaabn |n aaa

010 ## - LIBRARY OF CONGRESS CONTROL NUMBER

  • LC control number: n 80067094

035 ## - SYSTEM CONTROL NUMBER

  • System control number: (OCoLC)oca00448642

040 ## - CATALOGING SOURCE

  • Original cataloging agency: DLC
  • Language of cataloging: eng
  • Description conventions: rda
  • Transcribing agency: DLC
  • Modifying agency: DLC
  • Modifying agency: NjP
  • Modifying agency: OCoLC
  • Modifying agency: NcU
  • Modifying agency: WaU

046 ## - SPECIAL CODED DATES

  • Birth date: 1878-06-01
  • Death date: 1967-05-12
  • Source of date scheme: edtf

053 #0 - LC CLASSIFICATION NUMBER

  • Classification number element--single number or beginning number of span: PR6025.A77

100 1# - HEADING--PERSONAL NAME

  • Personal name: Masefield, John,
  • Dates associated with a name: 1878-1967

368 ## - OTHER ATTRIBUTES OF PERSON OR CORPORATE BODY

  • Other designation: English
  • Source: lcdgt

368 ## - OTHER ATTRIBUTES OF PERSON OR CORPORATE BODY

  • Other designation: Britons
  • Source: lcdgt

370 ## - ASSOCIATED PLACE

  • Associated country: England
  • Associated country: Great Britain
  • Source of term: naf

370 ## - ASSOCIATED PLACE

  • Place of birth: Ledbury (England)
  • Source of term: naf

370 ## - ASSOCIATED PLACE

  • Place of death: Abingdon (England)
  • Source of term: naf

372 ## - FIELD OF ACTIVITY

  • Field of activity: Poetry
  • Source of term: lcgft

374 ## - OCCUPATION

  • Occupation: Poets
  • Source of term: lcsh

375 ## - GENDER

  • Gender: Males
  • Source of term: lcdgt

377 ## - ASSOCIATED LANGUAGE

  • Language code: eng

378 ## - FULLER FORM OF PERSONAL NAME

  • Fuller form of personal name: John Edward

670 ## - SOURCE DATA FOUND

  • Source citation: His Salt-water ballads ...

670 ## - SOURCE DATA FOUND

  • Source citation: His Selected poems, c1978:
  • Information found: t.p. (John Masefield) p. ii (b. 6-1-1878 at Ledbury, Herefordshire, England; d. 5-12-1967 at Abingdon, Berkshire)

670 ## - SOURCE DATA FOUND

  • Source citation: BL database, 15 June 2007
  • Information found: (hdg.: Masefield, John Edward)
Devinim Yazılım Eğitim Danışmanlık tarafından Koha'nın orjinal sürümü uyarlanarak geliştirilip kurulmuştur.